|
|
|
|
| LEADER |
00821nab a2200241 i 4500 |
| 001 |
publ37054 |
| 005 |
20250623082947.0 |
| 008 |
250623s2019 hu o 000 eng d |
| 022 |
|
|
|a 2227-7390
|
| 024 |
7 |
|
|a 10.3390/math7100988
|2 doi
|
| 024 |
7 |
|
|a 30858606
|2 mtmt
|
| 040 |
|
|
|a SZTE Publicatio Repozitórium
|b hun
|
| 041 |
|
|
|a eng
|
| 100 |
1 |
|
|a Coronel Aníbal
|
| 245 |
1 |
3 |
|a On the Generalization for Some Power-Exponential-Trigonometric Inequalities
|h [elektronikus dokumentum] /
|c Coronel Aníbal
|
| 260 |
|
|
|c 2019
|
| 300 |
|
|
|a 6
|
| 490 |
0 |
|
|a MATHEMATICS
|v 7 No. 10
|
| 650 |
|
4 |
|a Matematika
|
| 700 |
0 |
1 |
|a Kórus Péter
|e aut
|
| 700 |
0 |
1 |
|a Lozada Esperanza
|e aut
|
| 700 |
0 |
1 |
|a Irazoqui Elias
|e aut
|
| 856 |
4 |
0 |
|u http://publicatio.bibl.u-szeged.hu/37054/1/2019.mathematics-07-00988.OntheGeneralizationforSome.pdf
|z Dokumentum-elérés
|